000 00962nam a2200241Ia 4500
003 GCL
008 140319s9999 xx 000 0 ara d
040 _aGCL /
_cGCL
082 0 4 _a929.1
_bح ع
100 1 _aالحازمى الهمزانى : زين الدين ابوبكر محمد بن موسى بن عثمان بن حازم
245 1 0 _aكتاب عجالة المبتدى وفضالة المنتهى فى النسب /
_cالحازمى الهمزانى : زين الدين ابوبكر محمد بن موسى بن عثمان بن حازم
700 1 _aعبدالله كنون
250 _aالثانية
260 _aالقاهرة :
_bالهيئة العامة لشئون المطابع الاميرية ،
_c1973
300 _a156 ص ؛
_c26 سم
490 _a
650 0 4 _aالعلم
650 0 4 _aالانسان
650 0 4 _aالتراجم
650 0 4 _aالانساب العربية
650 0 4 _aالتاريخ
942 _2ddc
_cBK
999 _c32660
_d32660